000 00401nam a2200145Ia 4500
008 150201s2005 xx 000 0 und d
082 _a617.525
_bD2005M
100 _aMARKS, ROBERT E
245 _aDENTAL AND CRANIOFACIAL APPLICATIONS OF PLATELET -RICH PLASMA .
250 _a1ST
260 _bQUINTESSENCE PUBLICATION
_aCHICAGO
_c2005
300 _a1-154
650 _aORAL SURGERY
942 _2ddc
_cBK
999 _c4649
_d4649